000 00313nam a22001457a 4500
008 221031b ||||| |||| 00| 0 eng d
020 _a9780521343268
041 _aeng
080 _a573
082 _a573 DIC
100 _a14
101 _aBIO
245 _aTHE BIOLOGICAL UNIVERSE
_cDICK S
942 _2udc
_cBK
999 _c58702
_d58702